Nerovnosť ako prekážka eliminovania chudoby na africkom kontinente diplomová práca

Gespeichert in:
Bibliographische Detailangaben
1. Verfasser: Havetta, Andrej
Körperschaft: Fakulta medzinárodných vzťahov EU. Katedra medzinárodných ekonomických vzťahov a hospodárskej diplomacie
Weitere Verfasser: Kunychka, Mykhaylo, 1990-
Format: Buch
Sprache:Slowakisch
Veröffentlicht: Bratislava 2022
Tags: Tag hinzufügen
Keine Tags, Fügen Sie das erste Tag hinzu!

MARC

LEADER 00000nbm a2200000 4500
001 0285165
005 20230403135944.6
041 0 |a slo 
044 |a SK 
245 1 0 |a Nerovnosť ako prekážka eliminovania chudoby na africkom kontinente  |b diplomová práca  |c Andrej Havetta ; školiteľ: Mykhaylo Kunychka 
264 1 |a Bratislava  |c 2022 
300 |a 68 s. 
100 1 |a Havetta, Andrej 
700 1 |a Kunychka, Mykhaylo, 1990- 
710 2 |a Fakulta medzinárodných vzťahov EU. Katedra medzinárodných ekonomických vzťahov a hospodárskej diplomacie